000 00952 a2200241 4500
005 20260410122024.0
008 260410b |||||||| |||| 00| 0 eng d
020 _a9789381997468 (hbk)
037 _cTB
040 _aCRL
_cCRL
041 _2hin
_ahin
084 _aO152,3N592x Q5
_qCRL
100 _aशिरीष, उर्मिला
_9861993
245 _aचीख
260 _aदिल्ली, भारत:
_bअनन्य प्रकाशन,
_c2015.
300 _a184पृ.
365 _b350.00
_cINR
650 _aहिन्दी कहानी
650 _aहिन्दी साहित्य
700 _aसक्सेना, अभिषेक 'ऋषि'
_eसम्पादक
_91234619
942 _cTB
_2CC
_hO152,3N592x Q5
999 _c1466938
_d1466938